Comuni della provincia di Roma che iniziano con C - Statistics

Statistiche generali
  • Questo quiz è stato fatto 12 volte
  • Il punteggio medio è 16 su 23
Statistiche sulle risposte
Comuni % Corretto
Cerveteri
100%
Ciampino
90%
Civitavecchia
90%
Capena
80%
Castel Gandolfo
80%
Castel San Pietro Romano
80%
Canale Monterano
70%
Canterano
70%
Carpineto Romano
70%
Cave
70%
Cervara di Roma
70%
Ciciliano
70%
Colleferro
70%
Colonna
70%
Camerata Nuova
60%
Capranica Prenestina
60%
Casape
60%
Castel Madama
60%
Castelnuovo di Porto
60%
Cerreto Laziale
60%
Cineto Romano
60%
Civitella San Paolo
60%
Campagnano di Roma
50%
Nessun quiz corrispondente trovato
Distribuzione punteggi
Percentuale di utenti per punteggio
Percentile per numero di risposta
I tuoi punteggi nel tempo
Non hai fatto questo quiz